|
|
|
|
| LEADER |
00000cam a22000004a 4500 |
| 001 |
musev2_19062 |
| 003 |
MdBmJHUP |
| 005 |
20230905042040.0 |
| 006 |
m o d |
| 007 |
cr||||||||nn|n |
| 008 |
061107s2006 si o 00 0 eng d |
| 020 |
|
|
|a 9789812306531
|
| 020 |
|
|
|z 9789812304018
|
| 035 |
|
|
|a (OCoLC)404706864
|
| 040 |
|
|
|a MdBmJHUP
|c MdBmJHUP
|
| 050 |
|
4 |
|a HD2358.5.A9
|b S57 2006
|
| 082 |
0 |
|
|a 338.64220959
|2 22
|
| 245 |
0 |
0 |
|a Southeast Asia's Chinese Businesses in an Era of Globalization :
|b Coping with the Rise of China /
|c edited by Leo Suryadinata.
|
| 264 |
|
1 |
|a Singapore :
|b Institute of Southeast Asian Studies,
|c 2006
|
| 264 |
|
3 |
|a Baltimore, Md. :
|b Project MUSE,
|c 2013
|
| 264 |
|
4 |
|c ©2006
|
| 300 |
|
|
|a 1 online resource (374 pages).
|
| 336 |
|
|
|a text
|b txt
|2 rdacontent
|
| 337 |
|
|
|a computer
|b c
|2 rdamedia
|
| 338 |
|
|
|a online resource
|b cr
|2 rdacarrier
|
| 504 |
|
|
|a Includes bibliographical references and index.
|
| 505 |
0 |
|
|a China's economic rise and its implications for Southeast Asia : the big picture / John Wong -- The emergence of China's economic power and its implications for Chinese businesses in Southeast Asia / Sarasin Viraphol -- Flattening impact of a reawakening China on ethnic imbalance in Indonesian business / Djisman S. Simandjuntak -- The Indonesian government's economic policies towards the ethnic Chinese : beyond economic nationalism? / Thee Kian Wie -- Chinese Indonesian business in the era of globalization : ethnicity, culture and the rise of China / Sujoko Efferin, Wiyono Pontjoharyo -- China's economic rise and its impact on Malaysian Chinese business / Lee Poh Ping, Lee Kam Hing -- Competetion, (ir)relevance and market determinations : government economic policies and ethnic Chinese responses in West Malaysia / Ho Khai Leong -- Malaysian Chinese businesses in an era of globalization / Leong Kai Hin -- China, the "Chinese economy" and the ethnic Chinese in the Philippines / Teresita Ang See, Go Bon Juan -- Public policy, political culture, and ethnic Chinese businesses in the Philippines / Ellen H. Palanca -- Ethnic Chinese business in an era of globalization : the Singapore case / Ng Beoy Kui -- The changing dynamics of Thailand CP Group's international expansion / Pavida Pananond.
|
| 588 |
|
|
|a Description based on print version record.
|
| 650 |
|
0 |
|a Minority business enterprises
|z Southeast Asia.
|
| 650 |
|
0 |
|a Chinese
|z Southeast Asia
|x Economic conditions.
|
| 651 |
|
0 |
|a Southeast Asia
|x Foreign economic relations
|z China.
|
| 651 |
|
0 |
|a China
|x Foreign economic relations
|z Southeast Asia.
|
| 651 |
|
0 |
|a China
|x Economic conditions
|y 2000-
|
| 655 |
|
7 |
|a Electronic books.
|2 local
|
| 700 |
1 |
|
|a Suryadinata, Leo.
|
| 710 |
2 |
|
|a Institute of Southeast Asian Studies.
|
| 710 |
2 |
|
|a Project Muse
|
| 710 |
2 |
|
|a Project Muse.
|e distributor
|
| 830 |
|
0 |
|a Book collections on Project MUSE.
|
| 856 |
4 |
0 |
|z Texto completo
|u https://projectmuse.uam.elogim.com/book/19062/
|
| 945 |
|
|
|a Project MUSE - Custom Collection
|
| 945 |
|
|
|a Project MUSE - Archive Complete Supplement
|
| 945 |
|
|
|a Project MUSE - Archive Political Science and Policy Studies Supplement
|
| 945 |
|
|
|a Project MUSE - Archive Asian and Pacific Studies Foundation
|